000 00299nam a22001217a 4500
008 181011b xxu||||| |||| 00| 0 eng d
041 _aeng
080 _a159.9
100 _a48
101 _aPSI
245 _aApplications of a Social Learning Theory of Personality
_cRotter,J.B
942 _2udc
_cBK
999 _c49332
_d49332